000 00882nam a2200193Ii 4500
003 JO-AjNU
008 230605s9999||||xx |||||||||||||| ||und||
040 _aJO-AjNU
_bara
_erda
_cJO-AjNU
041 _aara
050 1 4 _aK4372.I7.2001
100 3 _aاتحاد المهندسين العرب، لجنة ممارسة المهنة ,
_eauthor
_952221
245 0 0 _aمجموعة أنظمة وقوانين ممارسة المهنة الإتحادية
264 3 1 _aد،م: اتحاد المهندسين العرب،لجنة ممارسة المهنة، 2001
300 _a149ص
336 _atext
_btxt
_2rdacontent
337 _aunmediated
_bn
_2rdamedia
338 _avolume
_bnc
_2rdacarrier
650 4 _aقوانين -- أنظمة --نظام ممارسة المهنة -- الهندسة المعمارية -- نظام ممارسة المهنة -- الهندسة المدنية
_952222
999 _aA23120
_c26688
_d26688